00345 a2200121 450000100060000010000130000624500450001926000170006409000170008194200220009899900190012095200840013918197 aJahan, R aPakistan faiture in national integration abColumbiac c13491d13491 aNUST-CAEcMc3882 c253270d253270 001040708NFICaCAEbCAEd2017-04-03l0pCAE14347r2017-04-05w2017-04-05yBK